00462nam a2200181Ia 4500003000400000005001700004008004100021040000700062041000800069082001900077100002200096245003400118260003500152300001700187365000800204650003100212650003700243OSt20230619160602.0210423s2000 xx 000 0 und d cAL aeng a361 223bCHOS aCHOWDHRY (D Paul) aSocial welfare administration aDelhibAtma ram and sonsc2000 aviii,311bHB cINR aSocial Problems & Services aSocial Problems & Social Welfare